000 00868nam a2200253 a 4500
001 000024623
005 20200930023255.0
008 110201s1985 mx a r 000 0 spa d
020 _a9684093152
040 _aDO-SdBNP
_bspa
_cBNPHU
041 1 7 _aspa
_heng
_2Código de idioma MARC
082 _a371.148
_bS631e
100 1 _aSlavin, Robert E.
_950493
240 1 0 _aCooperative learning.
_lEspañol.
245 1 0 _aLa enseñanza y el método cooperativo /
_cRobert E. Slavin ; traducción Mariluz Caso Sainz.
260 _aMéxico, D. F. :
_bEdamex,
_c1985.
300 _a172, [4] p. :
_bil. ;
_c20 cm.
534 _aTítulo original:
_tCooperative learning.
650 4 _aTrabajo en grupos (educación)
_948756
650 4 _aAprendisaje cooperativo
_950494
650 4 _aMetodos de enseñanza
_92196
700 1 _aCaso Sainz, Mariluz.
_etr.
_950495
049 _aBNGR
999 _c24116
_d24116